000 00245nam a22000977a 4500
999 _c11764
_d11764
008 200128b ||||| |||| 00| 0 eng d
020 _a9789389604832
100 _aPhilip Vasanthan
_97449
245 _aTilt the Iceberg
260 _aIndia
_bBuuks
_c2019